Macroeconomics / (Record no. 67167)

MARC details
000 -LEADER
fixed length control field 00611nam a22001937a 4500
005 - DATE AND TIME OF LATEST TRANSACTION
control field 20180829134802.0
010 ## - LCCN (DPL NO)
LC control number B-477815
020 ## - INTERNATIONAL STANDARD BOOK NUMBER
International Standard Book Number 9789381162323
Terms of availability 275.00
035 ## - SYSTEM CONTROL NUMBER
System control number B-477815
037 ## - SOURCE OF ACQUISITION
Stock number K.K.Pub/BL2032/23.5.12
Source of stock number/acquisition RP/Shahdra
082 ## - DEWEY DECIMAL CLASSIFICATION NUMBER
Classification number 333
100 ## - MAIN ENTRY--PERSONAL NAME
Personal name Deepashree
245 ## - TITLE STATEMENT
Title Macroeconomics /
Statement of responsibility, etc by Deepashree & Vanita Agarwal
260 ## - PUBLICATION, DISTRIBUTION, ETC. (IMPRINT)
Place of publication, distribution, etc New Delhi
Name of publisher, distributor, etc Ane Books
Date of publication, distribution, etc 2012
270 ## - ADDRESS
Address 4821 Parwana Bhawan Darya Ganj
City New Delhi
300 ## - PHYSICAL DESCRIPTION
Extent xvii,vpg
Dimensions 23cm
942 ## - ADDED ENTRY ELEMENTS (KOHA)
Source of classification or shelving scheme Dewey Decimal Classification
Item type English Books
Classification part 333
Call number suffix DEE
Holdings
Withdrawn status Lost status Not for loan Collection code Home library Current library Date acquired Source of acquisition Cost, normal purchase price Full call number Barcode Copy number Koha item type
      Non-fiction Shahdara Branch Shahdara Branch 29/08/2018 BPPD/PUB 275.00 333 DEE B-477815 275.00 English Books

© Delhi Public Library
Hit Counter
free hit counter